[Event "POL-chT 1st League"]
[Site "Szklarska Poreba"]
[Date "2021.09.09"]
[Round "6.13"]
[White "Bajerlein, Dawid"]
[Black "Zurkowski, Andrzej"]
[Result "1/2-1/2"]
[WhiteElo "2036"]
[BlackElo "2031"]
[PlyCount "74"]
[EventDate "2021.09.04"]
[EventType "team-swiss"]
[EventRounds "9"]
[EventCountry "POL"]
[SourceTitle "CBM 204 Extra"]
[Source "ChessBase"]
[SourceDate "2021.11.30"]
[SourceVersion "1"]
[SourceVersionDate "2021.11.30"]
[SourceQuality "1"]
[WhiteTeam "Lipno Steszew"]
[BlackTeam "Debica Gryf"]
[WhiteTeamCountry "POL"]
[BlackTeamCountry "POL"]

1. d4 Nf6 2. c4 b6 3. Nf3 Bb7 4. g3 e6 5. Bg2 Be7 6. Nc3 0-0 7. 0-0 d5 8. Ne5 Nbd7 9. Qa4 c6 10. Nxc6 Bxc6 11. Qxc6 Rc8 12. Qa4 Rxc4 13. Qxa7 Rxd4 14. b3 Qc8 15. Be3 Rb4 16. Rfc1 Qa8 17. Qxa8 Rxa8 18. Na4 Rb5 19. Rc7 Bc5 20. Bxc5 bxc5 21. Rc1 Kf8 22. e4 dxe4 23. Bxe4 Nxe4 24. Rxd7 Rc8 25. Nc3 Rb4 26. Nxe4 Rxe4 27. Rc2 Ke8 28. Rb7 Rd4 29. b4 c4 30. Kf1 c3 31. Ke2 Rcc4 32. a3 Re4+ 33. Kd3 Red4+ 34. Ke2 Re4+ 35. Kd3 Red4+ 36. Ke3 Re4+ 37. Kd3 Red4+ 1/2-1/2

[Event "POL-chT 1st League"]
[Site "Szklarska Poreba"]
[Date "2021.09.04"]
[Round "1.11"]
[White "Bajerlein, Dawid"]
[Black "Galuszka, Tomasz"]
[Result "1/2-1/2"]
[WhiteElo "2036"]
[BlackElo "2212"]
[PlyCount "101"]
[EventDate "2021.09.04"]
[EventType "team-swiss"]
[EventRounds "9"]
[EventCountry "POL"]
[SourceTitle "CBM 204 Extra"]
[Source "ChessBase"]
[SourceDate "2021.11.30"]
[SourceVersion "1"]
[SourceVersionDate "2021.11.30"]
[SourceQuality "1"]
[WhiteTeam "Lipno Steszew"]
[BlackTeam "Jastrzebie Zdroj Pionier"]
[WhiteTeamCountry "POL"]
[BlackTeamCountry "POL"]

1. d4 d5 2. c4 e6 3. Nc3 Nf6 4. Bg5 Be7 5. e3 0-0 6. Qc2 c6 7. cxd5 exd5 8. Bd3 Nbd7 9. Nge2 Re8 10. 0-0 Nf8 11. f3 Be6 12. Rad1 N6d7 13. Bf4 Rc8 14. Kh1 Nb6 15. e4 dxe4 16. fxe4 Bg5 17. Qc1 Bxf4 18. Qxf4 Ng6 19. Qf2 Qh4 20. g3 Qe7 21. Nf4 Rf8 22. Nxe6 fxe6 23. Qe3 Rxf1+ 24. Bxf1 Rd8 25. b3 Qb4 26. d5 e5 27. dxc6 Rxd1 28. Nxd1 bxc6 29. Bh3 Qd4 30. Qxd4 exd4 31. Kg2 Kf7 32. Kf2 Ne5 33. Ke2 a5 34. Nb2 Kf6 35. a3 c5 36. Nd3 Nxd3 37. Kxd3 Ke5 38. Bg4 g6 39. h4 h6 40. Bf3 g5 41. hxg5 hxg5 42. Bh5 a4 43. bxa4 c4+ 44. Kc2 Nxa4 45. Be8 Nb6 46. Bc6 Kd6 47. Be8 Kc5 48. a4 Kb4 49. e5 Nd5 50. e6 d3+ 51. Kd2 1/2-1/2

[Event "POL-chT 2nd League"]
[Site "Poronin"]
[Date "2020.09.09"]
[Round "5.18"]
[White "Zawierucha, Aleksander"]
[Black "Bajerlein, Dawid"]
[Result "1/2-1/2"]
[WhiteElo "1899"]
[BlackElo "2037"]
[PlyCount "60"]
[EventDate "2020.09.05"]
[EventType "team-swiss"]
[EventRounds "9"]
[EventCountry "POL"]
[SourceTitle "CBM 198 Extra"]
[Source "ChessBase"]
[SourceDate "2020.11.30"]
[SourceVersion "1"]
[SourceVersionDate "2020.11.30"]
[SourceQuality "1"]
[WhiteTeam "Zory Roszada"]
[BlackTeam "Lipno Steszew"]
[WhiteTeamCountry "POL"]
[BlackTeamCountry "POL"]

1. d4 Nf6 2. c4 d6 3. Nf3 Nbd7 4. Nc3 c6 5. e4 e5 6. Be2 Be7 7. 0-0 0-0 8. Qc2 Re8 9. h3 Qc7 10. Be3 Nf8 11. Rfd1 Ng6 12. b4 a6 13. a4 Be6 14. Qb3 Rad8 15. a5 exd4 16. Nxd4 Bc8 17. Nf5 c5 18. Nxe7+ Qxe7 19. Bg5 Qe5 20. Bxf6 Qxf6 21. bxc5 dxc5 22. Rxd8 Rxd8 23. Rd1 Rxd1+ 24. Nxd1 Nf4 25. Bf1 h6 26. Ne3 Qd4 27. Qb6 Ne6 28. Nd5 Kh7 29. Ne7 Qd7 30. Nd5 Qa4 1/2-1/2

[Event "POL-chT 2nd League"]
[Site "Poronin"]
[Date "2020.09.06"]
[Round "2.12"]
[White "Bardeli, Lukasz"]
[Black "Bajerlein, Dawid"]
[Result "1-0"]
[WhiteElo "2189"]
[BlackElo "2037"]
[PlyCount "77"]
[EventDate "2020.09.05"]
[EventType "team-swiss"]
[EventRounds "9"]
[EventCountry "POL"]
[SourceTitle "CBM 198 Extra"]
[Source "ChessBase"]
[SourceDate "2020.11.30"]
[SourceVersion "1"]
[SourceVersionDate "2020.11.30"]
[SourceQuality "1"]
[WhiteTeam "Chrobry Gniezno"]
[BlackTeam "Lipno Steszew"]
[WhiteTeamCountry "POL"]
[BlackTeamCountry "POL"]

1. d4 Nf6 2. c4 c5 3. d5 e5 4. Nc3 d6 5. e4 Be7 6. Nge2 0-0 7. Ng3 Na6 8. Be2 Nc7 9. Nf5 a6 10. a4 Rb8 11. a5 b5 12. axb6 Rxb6 13. 0-0 Nfe8 14. Nxe7+ Qxe7 15. Bd3 Qh4 16. Qc2 g6 17. f4 f5 18. fxe5 fxe4 19. Rxf8+ Kxf8 20. Nxe4 Bf5 21. Bg5 Qh5 22. Rf1 Kg8 23. exd6 Bxe4 24. Qf2 Bf5 25. dxc7 Nxc7 26. Bd8 Rb7 27. Bxf5 gxf5 28. Qg3+ Qg6 29. Bxc7 Rxb2 30. Qxg6+ hxg6 31. Ra1 Rc2 32. d6 Rd2 33. Rxa6 Kf7 34. Rc6 Ke6 35. Rxc5 Kd7 36. Re5 f4 37. c5 Rc2 38. Bb6 g5 39. Re7+ 1-0

[Event "POL-chT 2nd League"]
[Site "Jastrzebia Gora"]
[Date "2019.09.13"]
[Round "7.17"]
[White "Bajerlein, Dawid"]
[Black "Stachanczyk, Jacek"]
[Result "1/2-1/2"]
[WhiteElo "2035"]
[BlackElo "2168"]
[PlyCount "30"]
[EventDate "2019.09.07"]
[EventType "team-swiss"]
[EventRounds "9"]
[EventCountry "POL"]
[SourceTitle "EXT 2020"]
[Source "ChessBase"]
[SourceDate "2019.10.17"]
[SourceVersion "1"]
[SourceVersionDate "2019.10.17"]
[SourceQuality "1"]
[WhiteTeam "Lipno Steszew"]
[BlackTeam "Jaworzno"]
[WhiteTeamCountry "POL"]
[BlackTeamCountry "POL"]

1. d4 d5 2. c4 c6 3. cxd5 cxd5 4. Nc3 Nf6 5. Nf3 Nc6 6. Bf4 Bf5 7. e3 e6 8. Qb3 Bb4 9. Be2 0-0 10. 0-0 Bxc3 11. Qxc3 Ne4 12. Qa3 g5 13. Bg3 h5 14. h3 Kg7 15. Bd3 f6 1/2-1/2

[Event "Poznan op 27th"]
[Site "Poznan"]
[Date "2019.08.22"]
[Round "6"]
[White "Bajerlein, Dawid"]
[Black "Zakrzewski, Marek"]
[Result "0-1"]
[WhiteElo "2052"]
[BlackElo "2311"]
[PlyCount "52"]
[EventDate "2019.08.18"]
[EventType "swiss"]
[EventRounds "9"]
[EventCountry "POL"]
[SourceTitle "EXT 2020"]
[Source "ChessBase"]
[SourceDate "2019.10.17"]
[SourceVersion "1"]
[SourceVersionDate "2019.10.17"]
[SourceQuality "1"]

1. d4 Nf6 2. c4 e6 3. Nc3 Bb4 4. Qc2 b6 5. e4 c5 6. e5 cxd4 7. a3 Bxc3+ 8. bxc3 Ng8 9. cxd4 Bb7 10. Nf3 Bxf3 11. gxf3 Ne7 12. Bd3 Nbc6 13. Be3 Rc8 14. Rc1 d6 15. exd6 Qxd6 16. c5 Qd8 17. Qa4 0-0 18. Ba6 Rc7 19. Bf4 e5 20. dxe5 Nd4 21. 0-0 Nxf3+ 22. Kh1 Qd5 23. Rfd1 Nd4+ 24. Kg1 Nef5 25. e6 Nh4 26. Bf1 Ne2+ 0-1

[Event "Poznan op 27th"]
[Site "Poznan"]
[Date "2019.08.21"]
[Round "5"]
[White "Chaczynski, Kamil"]
[Black "Bajerlein, Dawid"]
[Result "1/2-1/2"]
[WhiteElo "1770"]
[BlackElo "2052"]
[PlyCount "63"]
[EventDate "2019.08.18"]
[EventType "swiss"]
[EventRounds "9"]
[EventCountry "POL"]
[SourceTitle "EXT 2020"]
[Source "ChessBase"]
[SourceDate "2019.10.17"]
[SourceVersion "1"]
[SourceVersionDate "2019.10.17"]
[SourceQuality "1"]

1. e4 c6 2. d4 d5 3. Nc3 dxe4 4. Nxe4 Bf5 5. Ng3 Bg6 6. Nh3 e6 7. Nf4 Bd6 8. c3 Qc7 9. Qf3 Nf6 10. Bc4 Nd5 11. Nxg6 hxg6 12. Bg5 b5 13. Bb3 Nd7 14. Ne4 N7b6 15. h4 a5 16. a3 a4 17. Ba2 Bf4 18. g3 Bxg5 19. Nxg5 Qe7 20. 0-0 0-0 21. Kg2 Rac8 22. Ne4 Nf6 23. Rfe1 Rfd8 24. Nc5 Nbd5 25. Rad1 Nd7 26. c4 bxc4 27. Nxa4 Ra8 28. Nc3 N7b6 29. Ne4 Rd6 30. h5 g5 31. Rc1 Na4 32. Bxc4 1/2-1/2

[Event "POL-chT 2nd League"]
[Site "Jastrzebia Gora"]
[Date "2018.09.05"]
[Round "5.87"]
[White "Piliczewski, Bogusz"]
[Black "Bajerlein, Dawid"]
[Result "0-1"]
[WhiteElo "2042"]
[BlackElo "2026"]
[PlyCount "112"]
[EventDate "2018.09.01"]
[EventType "team-swiss"]
[EventRounds "9"]
[EventCountry "POL"]
[SourceTitle "CBM 186 Extra"]
[Source "ChessBase"]
[SourceDate "2018.08.24"]
[SourceVersion "1"]
[SourceVersionDate "2018.08.24"]
[SourceQuality "1"]
[WhiteTeam "Gdansk Korona"]
[BlackTeam "Lipno Steszew"]
[WhiteTeamCountry "POL"]
[BlackTeamCountry "POL"]

1. d4 Nf6 2. Nf3 g6 3. Bf4 Bg7 4. h3 0-0 5. c4 c5 6. e3 cxd4 7. exd4 d5 8. Nc3 Nc6 9. Be2 Bf5 10. 0-0 Rc8 11. c5 Ne4 12. Bb5 Qa5 13. Bxc6 Nxc3 14. Bd2 Nxd1 15. Bxa5 Rxc6 16. Rfxd1 b6 17. cxb6 axb6 18. Bc3 Ra8 19. a3 Rc7 20. Ne5 Be4 21. Nd3 Bxd3 22. Rxd3 e6 23. f4 Rc4 24. Rf1 Rac8 25. Rff3 b5 26. Kf2 Bf8 27. Ke2 Bd6 28. g3 h5 29. g4 hxg4 30. hxg4 b4 31. axb4 Bxb4 32. Rfe3 Kg7 33. Kf3 Kf6 34. Kg3 Bd6 35. Kf3 Rh8 36. Be1 Rc2 37. b3 Rh1 38. Re2 Rxe2 39. Kxe2 Bxf4 40. b4 Kg5 41. Rb3 Kxg4 42. b5 Rh2+ 43. Kd1 Kf5 44. Ba5 Rh8 45. Rf3 Rc8 46. Bb4 Rc1+ 47. Ke2 Rb1 48. Bd2 g5 49. Bxf4 gxf4 50. Rh3 Rb2+ 51. Kf3 Rb3+ 52. Kg2 Rxb5 53. Rh7 f6 54. Rh5+ Ke4 55. Rh6 Rb2+ 56. Kf1 Kxd4 0-1

[Event "POL-chT 2nd League"]
[Site "Jastrzebia Gora"]
[Date "2018.09.01"]
[Round "1.9"]
[White "Bajerlein, Dawid"]
[Black "Warszawski, Bartosz"]
[Result "1/2-1/2"]
[WhiteElo "2026"]
[BlackElo "2165"]
[PlyCount "67"]
[EventDate "2018.09.01"]
[EventType "team-swiss"]
[EventRounds "9"]
[EventCountry "POL"]
[SourceTitle "CBM 186 Extra"]
[Source "ChessBase"]
[SourceDate "2018.08.24"]
[SourceVersion "1"]
[SourceVersionDate "2018.08.24"]
[SourceQuality "1"]
[WhiteTeam "Steszew Lipno"]
[BlackTeam "Warszawa YMCA"]
[WhiteTeamCountry "POL"]
[BlackTeamCountry "POL"]

1. d4 d5 2. c4 e6 3. Nc3 c5 4. cxd5 exd5 5. Nf3 Nc6 6. g3 Nf6 7. Bg2 Be7 8. 0-0 0-0 9. Bg5 cxd4 10. Nxd4 h6 11. Be3 Re8 12. Rc1 Bg4 13. Qa4 Qd7 14. Rfd1 Bh3 15. Bh1 a6 16. Nxc6 bxc6 17. Bd4 Qe6 18. Bxf6 Bxf6 19. e3 Bg4 20. Re1 a5 21. Qc2 Rac8 22. Na4 Qe5 23. b3 Be7 24. Nc5 Bd6 25. Qc3 Qxc3 26. Rxc3 d4 27. Rc4 Bxc5 28. Rxc5 d3 29. f3 Be6 30. Rd1 Red8 31. Rd2 a4 32. Rc3 axb3 33. axb3 Rb8 34. Rdxd3 1/2-1/2

[Event "Poznan op 26th"]
[Site "Poznan"]
[Date "2018.08.25"]
[Round "8"]
[White "Bajerlein, Dawid"]
[Black "Poltorak, Sebastian"]
[Result "0-1"]
[WhiteElo "2062"]
[BlackElo "1854"]
[PlyCount "172"]
[EventDate "2018.08.19"]
[EventType "swiss"]
[EventRounds "9"]
[EventCountry "POR"]
[SourceTitle "CBM 186 Extra"]
[Source "ChessBase"]
[SourceDate "2018.08.24"]
[SourceVersion "1"]
[SourceVersionDate "2018.08.24"]
[SourceQuality "1"]

1. d4 Nf6 2. c4 e6 3. Nc3 Bb4 4. Qc2 d5 5. cxd5 Qxd5 6. Nf3 Qf5 7. Qxf5 exf5 8. Bd2 Nc6 9. a3 Bxc3 10. Bxc3 Be6 11. e3 Ne4 12. Bb5 0-0 13. 0-0 Bd5 14. Nd2 a6 15. Bd3 Rfe8 16. Rfe1 f4 17. exf4 Nxd2 18. Bxd2 Nxd4 19. Bc3 Ne6 20. g3 Nc5 21. Bf5 Ne4 22. Be5 Nd2 23. Red1 Nf3+ 24. Kg2 Bc6 25. Kh3 Nxe5 26. fxe5 Rxe5 27. Bd7 Bf3 28. Rd4 Rd8 29. g4 Re7 30. Rf4 Rdxd7 31. Rxf3 Rd2 32. b4 Ree2 33. Kg3 Kf8 34. Rc1 c6 35. Rc5 Rd5 36. Rc4 Ke7 37. h4 h6 38. Rcf4 f6 39. h5 Kd7 40. Rc3 Kc7 41. Rfc4 Red2 42. f4 R2d3+ 43. Rxd3 Rxd3+ 44. Kh4 Rd2 45. Re4 Kd7 46. Rc4 b6 47. Re4 c5 48. bxc5 bxc5 49. Ra4 Rd6 50. Kg3 Kc7 51. Kf3 Kb6 52. Re4 Rd7 53. a4 Kc7 54. Rc4 Kc6 55. Ke4 Re7+ 56. Kd3 Kd5 57. Rc1 a5 58. Rb1 Re4 59. Rb7 Rxa4 60. Rd7+ Ke6 61. Rxg7 Rxf4 62. Kc3 a4 63. Rg6 Kf7 64. Rxh6 Rxg4 65. Rh7+ Kg8 66. Rc7 Rg5 67. h6 Rh5 68. h7+ Rxh7 69. Rc8+ Kg7 70. Rxc5 Kg6 71. Ra5 a3 72. Kd3 f5 73. Ke3 Kg5 74. Kf3 Rh3+ 75. Kf2 Rb3 76. Ra4 f4 77. Ra8 Rb2+ 78. Kf3 Rb3+ 79. Kf2 Kf5 80. Ra7 Ke4 81. Ra4+ Kf5 82. Ra7 f3 83. Ra4 Ke5 84. Ra8 Kd4 85. Rd8+ Kc3 86. Kxf3 a2 0-1

[Event "POL-chT 2nd League"]
[Site "Szklarska Poreba"]
[Date "2017.09.02"]
[Round "1.3"]
[White "Bajerlein, Dawid"]
[Black "Dudzinski, Pawel"]
[Result "0-1"]
[WhiteElo "2044"]
[BlackElo "2244"]
[PlyCount "108"]
[EventDate "2017.09.02"]
[EventType "team-swiss"]
[EventRounds "9"]
[EventCountry "POL"]
[SourceTitle "CBM 180 Extra"]
[Source "ChessBase"]
[SourceDate "2017.10.06"]
[SourceVersion "1"]
[SourceVersionDate "2017.10.06"]
[SourceQuality "1"]
[WhiteTeam "Steszew Lipno"]
[BlackTeam "Ostrow Wielkopolski"]
[WhiteTeamCountry "POL"]
[BlackTeamCountry "POL"]

1. d4 f5 2. g3 Nf6 3. Bg2 g6 4. Nf3 Bg7 5. 0-0 0-0 6. b3 d6 7. Bb2 c6 8. c4 a5 9. Nc3 Na6 10. Re1 Ne4 11. Nxe4 fxe4 12. Ng5 d5 13. cxd5 cxd5 14. f3 e5 15. dxe5 Qxg5 16. Qxd5+ Kh8 17. f4 Nb4 18. Qxe4 Qe7 19. Red1 Rb8 20. Ba3 Bf5 21. Bxb4 axb4 22. Qd4 Bg4 23. Rac1 Bxe2 24. Qd7 Rf7 25. Qxe7 Rxe7 26. Rd4 Bf8 27. Rxb4 b6 28. Re4 Bg4 29. h3 Be6 30. Rf1 Rd7 31. Re2 Bc5+ 32. Kh2 Rbd8 33. g4 Rd2 34. Rfe1 Bf2 35. Rxd2 Rxd2 36. Rf1 Rxa2 37. f5 gxf5 38. gxf5 Bxf5 39. Bd5 Bd4+ 40. Kg3 Bxe5+ 41. Kh4 Bg6 42. Kg4 Kg7 43. Re1 Kf6 44. Rf1+ Kg7 45. Re1 Bf6 46. Be4 Rd2 47. Bxg6 Kxg6 48. Re3 h5+ 49. Kg3 Rc2 50. Re6 Rc3+ 51. Kg2 Rxb3 52. Rd6 b5 53. h4 b4 54. Rb6 Rb1 0-1

[Event "Poznan op 25th"]
[Site "Poznan"]
[Date "2017.08.24"]
[Round "6"]
[White "Bajerlein, Dawid"]
[Black "Nun, Grzegorz"]
[Result "1/2-1/2"]
[WhiteElo "2037"]
[BlackElo "1829"]
[PlyCount "29"]
[EventDate "2017.08.20"]
[EventType "swiss"]
[EventRounds "9"]
[EventCountry "POL"]
[SourceTitle "CBM 180 Extra"]
[Source "ChessBase"]
[SourceDate "2017.10.06"]
[SourceVersion "1"]
[SourceVersionDate "2017.10.06"]
[SourceQuality "1"]

1. d4 Nf6 2. c4 c5 3. d5 b5 4. Nd2 b4 5. e4 d6 6. g3 g6 7. Bg2 Nbd7 8. f4 Bg7 9. Ngf3 0-0 10. 0-0 Rb8 11. h3 e6 12. Rb1 exd5 13. exd5 Nb6 14. Nh4 Rb7 15. b3 1/2-1/2

[Event "Poznan op 25th"]
[Site "Poznan"]
[Date "2017.08.21"]
[Round "3"]
[White "Schmidt, Wlodzimierz"]
[Black "Bajerlein, Dawid"]
[Result "1/2-1/2"]
[WhiteElo "2272"]
[BlackElo "2037"]
[PlyCount "48"]
[EventDate "2017.08.20"]
[EventType "swiss"]
[EventRounds "9"]
[EventCountry "POL"]
[SourceTitle "CBM 180 Extra"]
[Source "ChessBase"]
[SourceDate "2017.10.06"]
[SourceVersion "1"]
[SourceVersionDate "2017.10.06"]
[SourceQuality "1"]

1. d4 Nf6 2. c4 g6 3. Nc3 Bg7 4. e4 d6 5. Nf3 0-0 6. Be2 e5 7. 0-0 Nc6 8. d5 Ne7 9. Ne1 Nd7 10. Nd3 f5 11. Bd2 Nf6 12. f3 f4 13. c5 g5 14. Rc1 Ng6 15. Nb5 Rf7 16. Ba5 b6 17. cxb6 cxb6 18. Be1 g4 19. Qc2 Ne8 20. fxg4 Bf6 21. Bf3 Rg7 22. Nb4 Bh4 23. Qe2 h5 24. gxh5 Bxe1 1/2-1/2

[Event "Poznan op 25th"]
[Site "Poznan"]
[Date "2017.08.20"]
[Round "1"]
[White "Hoffmann, Kacper"]
[Black "Bajerlein, Dawid"]
[Result "0-1"]
[WhiteElo "1588"]
[BlackElo "2037"]
[PlyCount "82"]
[EventDate "2017.08.20"]
[EventType "swiss"]
[EventRounds "9"]
[EventCountry "POL"]
[SourceTitle "CBM 180 Extra"]
[Source "ChessBase"]
[SourceDate "2017.10.06"]
[SourceVersion "1"]
[SourceVersionDate "2017.10.06"]
[SourceQuality "1"]

1. d4 Nf6 2. c4 c5 3. d5 e5 4. dxe6 fxe6 5. Nc3 Be7 6. e4 Nc6 7. Nf3 d6 8. Be2 0-0 9. 0-0 Nd7 10. Be3 a6 11. Qd2 Qc7 12. Rfd1 Nde5 13. Bf4 Nxf3+ 14. Bxf3 Nd4 15. Ne2 e5 16. Nxd4 cxd4 17. Bg5 Bxg5 18. Qxg5 Qxc4 19. Rac1 Qf7 20. Rc2 Be6 21. b3 h6 22. Qd2 Rac8 23. Rdc1 Kh7 24. Rxc8 Rxc8 25. Rxc8 Bxc8 26. Qb4 Qc7 27. Kf1 Bd7 28. Qd2 Bb5+ 29. Be2 Qc3 30. Ke1 Qxd2+ 31. Kxd2 Bxe2 32. Kxe2 g5 33. Kd3 Kg6 34. g4 Kf6 35. f3 Ke6 36. h3 Kd7 37. a4 a5 38. Kc4 Kc6 39. b4 axb4 40. Kxb4 Kb6 41. a5+ Ka6 0-1

[Event "POL-chT 2nd League"]
[Site "Jastrzebia Gora"]
[Date "2016.09.07"]
[Round "5.87"]
[White "Bajerlein, Dawid"]
[Black "Augustyn, Sebastian"]
[Result "0-1"]
[WhiteElo "2104"]
[BlackElo "2116"]
[PlyCount "116"]
[EventDate "2016.09.03"]
[EventType "team-swiss"]
[EventRounds "9"]
[EventCountry "POL"]
[SourceTitle "EXT 2017"]
[Source "ChessBase"]
[SourceDate "2016.10.25"]
[SourceVersion "1"]
[SourceVersionDate "2016.10.25"]
[SourceQuality "1"]
[WhiteTeam "Steszew Lipno"]
[BlackTeam "Pilzno GKSz Hetman"]
[WhiteTeamCountry "POL"]
[BlackTeamCountry "POL"]

1. d4 c5 2. d5 e5 3. e4 d6 4. Nc3 a6 5. a4 Be7 6. Be2 Bg5 7. Nf3 Bxc1 8. Qxc1 Ne7 9. Nd2 0-0 10. 0-0 Ng6 11. g3 Bh3 12. Re1 f5 13. exf5 Rxf5 14. Bd3 Rh5 15. Bxg6 hxg6 16. Nc4 Qf8 17. Qd1 Nd7 18. Ne4 Nf6 19. f3 Nxe4 20. fxe4 Qf6 21. Qe2 Rf8 22. Ne3 Qg5 23. Ng2 Rh8 24. Rf1 Kh7 25. Rf2 Rf6 26. Raf1 Rhf8 27. Rxf6 Rxf6 28. Rxf6 gxf6 29. Ne3 f5 30. Qf3 f4 31. Nc4 Bg4 32. Qf2 Qf6 33. Nd2 g5 34. Kg2 Qh6 35. h4 gxh4 36. gxh4 Bd1 37. Nc4 b5 38. axb5 axb5 39. Na3 Qg6+ 40. Kh2 Qxe4 41. Nxb5 Qxd5 42. Nc3 Qf3 43. Qxf3 Bxf3 44. Nb5 d5 45. Nc7 c4 46. c3 Kg6 47. Kg1 Kh5 48. Kf2 Be4 49. Ne8 Kxh4 50. Nf6 Kg5 51. Nd7 Kf5 52. Nc5 d4 53. Ke2 d3+ 54. Kd2 Bd5 55. b4 e4 56. b5 e3+ 57. Ke1 d2+ 58. Ke2 Bf3+ 0-1

[Event "POL-chT3 Wielkopolskie 1516"]
[Site "Poland"]
[Date "2016.02.07"]
[Round "4.33"]
[White "Gozdziewicz, Robert"]
[Black "Bajerlein, Dawid"]
[Result "0-1"]
[WhiteElo "2030"]
[BlackElo "2106"]
[PlyCount "65"]
[EventDate "2016.01.10"]
[EventType "team-tourn"]
[EventRounds "11"]
[EventCountry "POL"]
[SourceTitle "EXT 2019"]
[Source "ChessBase"]
[SourceDate "2018.10.10"]
[SourceVersion "1"]
[SourceVersionDate "2018.10.10"]
[SourceQuality "1"]

1. e4 c6 2. d4 d5 3. e5 Bf5 4. Nc3 e6 5. g4 Bg6 6. Nge2 f6 7. Nf4 fxe5 8. Nxe6 Qe7 9. Nxf8 exd4+ 10. Ne2 Be4 11. Rg1 c5 12. Nxh7 Rxh7 13. Bf4 Nc6 14. Qd2 Nb4 15. Rc1 d3 16. cxd3 Nxd3+ 17. Kd1 Nxf2+ 18. Ke1 Nd3+ 19. Kd1 Nxc1 20. Kxc1 0-0-0 21. Ng3 Nf6 22. h3 Qe6 23. Qc3 Qb6 24. Nxe4 Nxe4 25. Qe5 g5 26. Bxg5 Nxg5 27. Qxg5 c4 28. Qf5+ Rhd7 29. Rg3 Qb4 30. Rc3 b5 31. a3 Qc5 32. Bg2 Rf8 33. Qe6 0-1

[Event "POL-chT 2nd League"]
[Site "Jastrzebia Gora"]
[Date "2015.09.09"]
[Round "5.56"]
[White "Tomaszewski, Kacper"]
[Black "Bajerlein, Dawid"]
[Result "1-0"]
[WhiteElo "2278"]
[BlackElo "2060"]
[PlyCount "151"]
[EventDate "2015.09.05"]
[EventType "team-swiss"]
[EventRounds "9"]
[EventCountry "POL"]
[SourceTitle "EXT 2017"]
[Source "ChessBase"]
[SourceDate "2016.10.25"]
[SourceVersion "1"]
[SourceVersionDate "2016.10.25"]
[SourceQuality "1"]
[WhiteTeam "Rybnik MKSz"]
[BlackTeam "Steszew Lipno"]
[WhiteTeamCountry "POL"]
[BlackTeamCountry "POL"]

1. d4 d5 2. c4 dxc4 3. e4 e5 4. Nf3 exd4 5. Bxc4 Nc6 6. 0-0 Be6 7. Bb5 Bc5 8. b4 Bb6 9. a4 a6 10. Bxc6+ bxc6 11. a5 Ba7 12. Bb2 Nf6 13. Nbd2 0-0 14. Rc1 Qe7 15. Rxc6 Nxe4 16. Nxe4 Bd5 17. Rc5 Bxe4 18. Qxd4 f5 19. Qc4+ Rf7 20. Re5 Qd8 21. Rxe4 fxe4 22. Ne5 Qe7 23. Nxf7 Qxf7 24. Qxf7+ Kxf7 25. Rd1 Ke6 26. Bxg7 Rb8 27. Rb1 c5 28. Bc3 Kd5 29. Be1 cxb4 30. Rxb4 Rxb4 31. Bxb4 Kc4 32. Bd6 e3 33. fxe3 Bxe3+ 34. Kf1 Kd3 35. Bc7 Bd4 36. g3 Ke4 37. Kg2 h5 38. Kh3 Kf5 39. Bb6 Bf6 40. Bc7 Be7 41. Bb6 Bf6 42. Kg2 h4 43. Kf3 hxg3 44. hxg3 Ke5 45. Bc7+ Kd5 46. Kf4 Bc3 47. Kf5 Be1 48. g4 Bd2 49. Bd8 Kd6 50. Kf6 Bc3+ 51. Kf7 Bd2 52. Ke8 Kc6 53. Bb6 Bg5 54. Kf7 Kd6 55. Bd4 Bd2 56. Bf6 Kd7 57. Be7 Be3 58. Bb4 Bf4 59. Kf6 Be3 60. Ke5 Kc6 61. Ke6 Bf4 62. Bc3 Be3 63. Kf5 Kd5 64. Be1 Bc1 65. Bg3 Bd2 66. Be5 Bxa5 67. g5 Bd2 68. g6 Bh6 69. Kf6 Ke4 70. Bc3 Bf8 71. Kf7 Kf5 72. Bd2 a5 73. Bxa5 Bh6 74. Bd2 Bxd2 75. g7 Bc3 76. g8Q 1-0